00274pab a2200097 454500008004000000100001600040245006400056260000900120362000800129773003900137180718b2004 xxu||||| |||| 00| 0 eng d aFarr, James aThe science of politics - as civic education - then and now c2004 aJan aPS: Political Science and Politics